000 00707nam a2200193Ia 4500
008 090124s9999 xx 000 0 und d
082 _b41011
100 _aपटेल माणेकलाल मफतलाल
245 _a 100वर्षे निरोगी रहा
250 _a0
260 _bगाला पब्लिशर्स
300 _a280
600 _aपटेल माणेकलाल मफतलाल
630 _a 100वर्षे निरोगी रहा
700 _aपटेल माणेकलाल मफतलाल
700 _aजोशी कुमुद
730 _a 100वर्षे निरोगी रहा
942 _cBOOK
999 _c106864
_d106864